Cô đơn để trưởng thành : Nhật ký từ nước Mỹ
Saved in:
| Main Author: | |
|---|---|
| Format: | Book |
| Language: | Undetermined |
| Published: |
Hà Nội
Nxb. Hà Nội
2018
|
| Subjects: | |
| Tags: |
Add Tag
No Tags, Be the first to tag this record!
|
| Institutions: | Trung tâm Học liệu Trường Đại học Cần Thơ |
|---|
| LEADER | 00581nam a2200205Ia 4500 | ||
|---|---|---|---|
| 001 | CTU_230952 | ||
| 008 | 210402s9999 xx 000 0 und d | ||
| 020 | |c 82000 | ||
| 082 | |a 895.922803 | ||
| 082 | |b S309 | ||
| 100 | |a Nguyễn, Siêu | ||
| 245 | 0 | |a Cô đơn để trưởng thành : | |
| 245 | 0 | |b Nhật ký từ nước Mỹ | |
| 245 | 0 | |c Nguyễn Siêu | |
| 260 | |a Hà Nội | ||
| 260 | |b Nxb. Hà Nội | ||
| 260 | |c 2018 | ||
| 650 | |a Nhật ký,Diaries | ||
| 910 | |b dqhieu | ||
| 980 | |a Trung tâm Học liệu Trường Đại học Cần Thơ | ||